000 00299nam a2200145Ia 4500
100 _aMaxim/Gorky
650 _aGeneral
942 _cBK
654 _aYellow Devil
245 _aThe City of Yellow Devil
260 _bProgress Publishers
082 _a891.7
300 _a138
546 _aENGLISH
999 _c21687
_d21687